| 000 | 00371nam a2200145Ia 4500 | ||
|---|---|---|---|
| 005 | 20241123111900.0 | ||
| 008 | 241122s9999||||xx |||||||||||||| ||und|| | ||
| 041 | _aEnglish | ||
| 082 |
_a372.374 _bBEA |
||
| 100 | _aBeaudoin, Marie N. | ||
| 245 | 0 | _aBoosting all children's social and emotional brain power | |
| 260 |
_bCorwin _c2014 |
||
| 300 | _aix,235p. | ||
| 942 | _cBK | ||
| 999 |
_c12719 _d12719 |
||